书目信息 |
| 题名: |
中国当代美术名家
|
|
| 作者: | 王振璞 主编 ;郭晓川 著 | |
| 分册: | 郭晓川 | |
| 出版信息: | 北京 人民美术出版社 2009 |
|
| 页数: | 187页 | |
| 开本: | 36cm | |
| 丛书名: | ||
| 单 册: | ||
| 中图分类: | J121 , J222.7 | |
| 科图分类: | ||
| 主题词: | 美术--作品--中国--现代--画册 , 山水画--中国--现代--画册 | |
| 电子资源: | ||
| ISBN: | 978-7-102-04596-2 | |
| 000 | 00745nam0 2200253 450 | |
| 001 | 339797 | |
| 005 | 20150608153340.31 | |
| 010 | @a978-7-102-04596-2@b精装@dCNY380.00 | |
| 100 | @a20091130d2009 em y0chiy50 ea | |
| 101 | 0 | @achi |
| 102 | @aCN@b110000 | |
| 105 | @aaf z 000yy | |
| 106 | @ad | |
| 200 | 1 | @a中国当代美术名家@Azhong guo dang dai mei shu ming jia@i郭晓川@f王振璞主编 |
| 210 | @a北京@c人民美术出版社@d2009 | |
| 215 | @a187页@c照片, 图版@d36cm | |
| 606 | 0 | @a美术@x作品@y中国@z现代@j画册 |
| 606 | 0 | @a山水画@y中国@z现代@j画册 |
| 690 | @aJ121@v5 | |
| 690 | @aJ222.7@v5 | |
| 701 | 0 | @a王振璞@Awang zhen pu@4主编 |
| 702 | 0 | @a郭晓川@Aguo xiao chuan@f(1962)@4著 |
| 801 | 0 | @aCN@b卓展宏图@c20150525 |
| 905 | @dJ121@e114@f4 | |
| 中国当代美术名家.郭晓川/王振璞主编.-北京:人民美术出版社,2009 |
| 187页:照片, 图版;36cm |
| ISBN 978-7-102-04596-2(精装):CNY380.00 |
| ● |
| 相关链接 |
|
|
|
|
正题名:中国当代美术名家
索取号:J121/114
 
预约/预借
| 序号 | 登录号 | 条形码 | 馆藏地/架位号 | 状态 | 备注 |
| 1 | 864091 | 208640915 | 第一样本阅览室/ [索取号:J121/114] | 在馆 | |
| 2 | 864092 | 208640924 | 第一借阅区/ [索取号:J121/114] | 在馆 | |
| 3 | 864093 | 208640933 | 第一借阅区/ [索取号:J121/114] | 在馆 | |
| 4 | 864094 | 208640942 | 美术系资料室/ [索取号:J121/114] | 在馆 |